[Event "2021 FIDE Online Olympiad"]
[Site "Chess.com"]
[Date "2021.08.29"]
[Round "7.4"]
[White "Anoud, Eisa Bashkardi"]
[Black "Chong, Kimberly"]
[Result "1-0"]
[WhiteElo "1000"]
[BlackElo "1790"]
[PlyCount "97"]
[EventDate "2021.08.27"]
[EventType "team"]
[EventRounds "9"]
[SourceVersionDate "2018.05.14"]
[WhiteTeam "United Arab Emirates"]
[BlackTeam "Wales"]
[WhiteTeamCountry "UAE"]
[BlackTeamCountry "WLS"]

1. d4 Nf6 2. Bf4 d5 3. e3 Nc6 4. Nf3 Bf5 5. c3 e6 6. Nbd2 Bd6 7. Ne5 Nxe5 8.
dxe5 Nd7 9. exd6 e5 10. dxc7 Qxc7 11. Bg3 h5 12. h4 Rd8 13. Be2 Nf6 14. Nf3 Ng4
15. Nh2 Nf6 16. Nf3 Ng4 17. Nd4 Qd7 18. Nxf5 Qxf5 19. Bxg4 hxg4 20. Qa4+ Rd7
21. Qxa7 O-O 22. O-O g5 23. hxg5 Qxg5 24. Qa4 Rd6 25. Rfd1 f5 26. Bxe5 Re6 27.
Qf4 Qh5 28. Qh2 Qxh2+ 29. Bxh2 Rd8 30. Rd4 Rb6 31. b3 Rc6 32. c4 Rdc8 33. Rxd5
Rc5 34. Rxc5 Rxc5 35. Rd1 b5 36. cxb5 Rxb5 37. Bf4 Rc5 38. Rd2 Rc1+ 39. Kh2 Rc6
40. Rd5 Rc2 41. Rxf5 Rxf2 42. a4 Rb2 43. Rb5 Kf7 44. b4 Ke7 45. a5 Kd7 46. Rb6
Kc8 47. b5 Rd2 48. a6 Rd7 49. Rb8# 1-0

[Event "2021 FIDE Online Olympiad"]
[Site "Chess.com"]
[Date "2021.08.29"]
[Round "7.5"]
[White "Fowler, Hugo"]
[Black "Al Darmaky, Sultan"]
[Result "0-1"]
[WhiteElo "1686"]
[BlackElo "1588"]
[PlyCount "136"]
[EventDate "2021.08.27"]
[EventType "team"]
[EventRounds "9"]
[SourceVersionDate "2018.05.14"]
[WhiteTeam "Wales"]
[BlackTeam "United Arab Emirates"]
[WhiteTeamCountry "WLS"]
[BlackTeamCountry "UAE"]

1. e4 c5 2. c3 d5 3. exd5 Qxd5 4. d4 Nf6 5. Nf3 e6 6. Be3 cxd4 7. cxd4 Bb4+ 8.
Nc3 O-O 9. Be2 b6 10. O-O Bxc3 11. bxc3 Ba6 12. Bxa6 Nxa6 13. Qb3 Rac8 14. Rac1
b5 15. Ne5 Nb8 16. c4 bxc4 17. Rxc4 Rxc4 18. Qxc4 Qxc4 19. Nxc4 Nc6 20. Ne5 Nb4
21. Rb1 Nfd5 22. a3 Nc2 23. Rb7 Nxa3 24. Rxa7 Nc2 25. Nc4 Rb8 26. Kf1 Nc3 27.
g3 f6 28. Kg2 Nd5 29. Kf3 Rb3 30. Ke2 Rc3 31. Ra4 Ncxe3 32. fxe3 Rc2+ 33. Nd2
Nc3+ 34. Kd3 Rxd2+ 35. Kxc3 Rxh2 36. Kd3 Rg2 37. Ke4 Rxg3 38. Ra7 Kf8 39. Kf4
Rg6 40. e4 h5 41. d5 exd5 42. exd5 Rg4+ 43. Kf5 Rg5+ 44. Ke6 Re5+ 45. Kd6 h4
46. Kc6 h3 47. d6 h2 48. Ra1 Re2 49. d7 Ke7 50. Rd1 Rc2+ 51. Kb7 Rd2 52. Rxd2
h1=Q+ 53. Kb6 Qg1+ 54. Kc6 Kd8 55. Rb2 Qc1+ 56. Kd6 Qxb2 57. Ke6 Qd4 58. Kf7
Kxd7 59. Kf8 Qc5+ 60. Kf7 f5 61. Kg6 f4 62. Kf7 f3 63. Kg6 f2 64. Kf7 f1=Q+ 65.
Kg8 Qd5+ 66. Kh8 Qh3+ 67. Kxg7 Qg4+ 68. Kf6 Qde6# 0-1

[Event "2021 FIDE Online Olympiad"]
[Site "Chess.com"]
[Date "2021.08.29"]
[Round "7.6"]
[White "Alghala Ali, Alali"]
[Black "Ray, Hiya"]
[Result "0-1"]
[WhiteElo "1109"]
[BlackElo "1542"]
[PlyCount "80"]
[EventDate "2021.08.27"]
[EventType "team"]
[EventRounds "9"]
[SourceVersionDate "2018.05.14"]
[WhiteTeam "United Arab Emirates"]
[BlackTeam "Wales"]
[WhiteTeamCountry "UAE"]
[BlackTeamCountry "WLS"]

1. d4 d5 2. Nf3 e6 3. g3 Nf6 4. Bg2 c6 5. O-O Bd6 6. Nbd2 O-O 7. b3 Nbd7 8. c4
e5 9. Bb2 e4 10. Ne5 Bxe5 11. dxe5 Ng4 12. f4 Ne3 13. Qc1 Nxf1 14. Qxf1 Qb6+
15. Kh1 Nc5 16. Bd4 Qb4 17. Qe1 Ne6 18. Bb2 g6 19. h4 Ng7 20. a3 Qb6 21. e3 Nf5
22. Qg1 Nxg3+ 23. Kh2 Nf5 24. Bd4 Qd8 25. Bh3 Qxh4 26. Qg4 Qxg4 27. Bxg4 Nxd4
28. Bxc8 Nxb3 29. Nxb3 Raxc8 30. Nc5 b6 31. Nb3 Rfd8 32. Rd1 dxc4 33. Rxd8+
Rxd8 34. Nd2 Rxd2+ 35. Kg3 c3 36. Kg4 c2 37. Kg5 Kg7 38. Kg4 c1=Q 39. Kg5 Qg1+
40. Kh4 Rh2# 0-1

[Event "2021 FIDE Online Olympiad"]
[Site "Chess.com"]
[Date "2021.08.29"]
[Round "8.1"]
[White "Makolli, Perparim"]
[Black "Osunfuyi, Abimbola"]
[Result "1/2-1/2"]
[WhiteElo "2289"]
[BlackElo "2305"]
[PlyCount "120"]
[EventDate "2021.08.27"]
[EventType "team"]
[EventRounds "9"]
[SourceVersionDate "2018.05.14"]
[WhiteTeam "Kosovo"]
[BlackTeam "Nigeria"]
[WhiteTeamCountry "KOS"]
[BlackTeamCountry "NGR"]

1. e4 c5 2. Nf3 Nc6 3. d4 cxd4 4. Nxd4 Nf6 5. Nc3 e6 6. Ndb5 Bb4 7. a3 Bxc3+ 8.
Nxc3 d5 9. exd5 exd5 10. Bd3 Bg4 11. Be2 Be6 12. O-O d4 13. Na2 O-O 14. Nb4 h6
15. Bf4 Re8 16. Nd3 Bd5 17. Bf3 Qb6 18. b4 a6 19. Bg3 Rad8 20. Bh4 g5 21. Bg3
Ne4 22. Bxe4 Bxe4 23. f4 Qb5 24. Qh5 gxf4 25. Qxb5 axb5 26. Bxf4 Bxd3 27. cxd3
Re6 28. Rac1 Ne7 29. Rc5 Rd5 30. Rc7 Rf5 31. Rxb7 Nd5 32. Rxb5 Ref6 33. Rb8+
Kg7 34. g3 Nxf4 35. Rxf4 Rxf4 36. gxf4 Ra6 37. Rd8 Rxa3 38. Rxd4 Kf6 39. Rd5
Ra4 40. Rd4 Kf5 41. Kg2 Kg4 42. h3+ Kh4 43. Rd6 h5 44. Rb6 Ra3 45. Rd6 Rb3 46.
Rf6 Rxd3 47. Rxf7 Rg3+ 48. Kf2 Rxh3 49. Rg7 Rb3 50. f5 Rxb4 51. Ke3 Rb1 52. f6
Rf1 53. f7 Kh3 54. Ke4 h4 55. Ke5 Kh2 56. Ke6 h3 57. Rg5 Rxf7 58. Kxf7 Kh1 59.
Rh5 h2 60. Rxh2+ Kxh2 1/2-1/2

[Event "2021 FIDE Online Olympiad"]
[Site "Chess.com"]
[Date "2021.08.29"]
[Round "8.2"]
[White "Olape, Bunmi"]
[Black "Bardhi, Valmor"]
[Result "1-0"]
[WhiteElo "2251"]
[BlackElo "2171"]
[PlyCount "107"]
[EventDate "2021.08.27"]
[EventType "team"]
[EventRounds "9"]
[SourceVersionDate "2018.05.14"]
[WhiteTeam "Nigeria"]
[BlackTeam "Kosovo"]
[WhiteTeamCountry "NGR"]
[BlackTeamCountry "KOS"]

1. e4 e5 2. Nf3 Nc6 3. Bb5 a6 4. Ba4 Nf6 5. O-O b5 6. Bb3 Be7 7. Re1 d6 8. c3
O-O 9. d3 Bg4 10. Nbd2 Na5 11. Bc2 c5 12. Nf1 Re8 13. h3 Bh5 14. Ng3 Bg6 15.
Nh4 Bf8 16. Nhf5 Qc7 17. Bg5 Re6 18. d4 exd4 19. cxd4 Nd7 20. Rc1 c4 21. h4 Nb6
22. Bd2 Nb7 23. d5 Ree8 24. Nd4 h6 25. h5 Bh7 26. Qg4 Kh8 27. Ndf5 Nd7 28. Bc3
Ne5 29. Qd1 Bxf5 30. Nxf5 Nc5 31. Re3 f6 32. Rg3 Ned3 33. Bxd3 cxd3 34. f3 Qf7
35. Rg6 Rac8 36. Nxh6 gxh6 37. Rxf6 Qxf6 38. Bxf6+ Bg7 39. Bxg7+ Kxg7 40. b4
Na4 41. Rxc8 Rxc8 42. Qxd3 Rc4 43. e5 dxe5 44. Qg6+ Kf8 45. Qxh6+ Kf7 46. Qe6+
Kg7 47. Qxe5+ Kh6 48. g4 Nc3 49. Qf6+ Kh7 50. Qg6+ Kh8 51. h6 Rc7 52. d6 Ne2+
53. Kf2 Nf4 54. Qf6+ 1-0

[Event "2021 FIDE Online Olympiad"]
[Site "Chess.com"]
[Date "2021.08.29"]
[Round "8.3"]
[White "Saraci, Ndriqona"]
[Black "Assa, Oluwaseun"]
[Result "0-1"]
[WhiteElo "1225"]
[BlackElo "1889"]
[PlyCount "92"]
[EventDate "2021.08.27"]
[EventType "team"]
[EventRounds "9"]
[SourceVersionDate "2018.05.14"]
[WhiteTeam "Kosovo"]
[BlackTeam "Nigeria"]
[WhiteTeamCountry "KOS"]
[BlackTeamCountry "NGR"]

1. e4 e5 2. Nf3 d6 3. d4 exd4 4. Nxd4 Nf6 5. Nc3 Be7 6. Be2 Bd7 7. f3 Nc6 8.
Be3 h6 9. Qd2 Nxd4 10. Bxd4 a6 11. a3 O-O 12. h3 c5 13. Bf2 Qa5 14. O-O b5 15.
Rad1 Be6 16. Nd5 Qxd2 17. Rxd2 Nxd5 18. exd5 Bf5 19. Bd3 Bxd3 20. Rxd3 c4 21.
Rdd1 Bf6 22. c3 Rfe8 23. Rfe1 Kf8 24. Rxe8+ Rxe8 25. Kf1 Bg5 26. h4 Be3 27.
Bxe3 Rxe3 28. Re1 Rxe1+ 29. Kxe1 Ke7 30. Ke2 Kd7 31. Ke3 Kc7 32. h5 Kb6 33. f4
f5 34. Kd4 Ka5 35. Ke3 Ka4 36. Kd2 Kb3 37. Kc1 a5 38. g3 b4 39. axb4 axb4 40.
cxb4 Kxb4 41. Kc2 Kc5 42. Kc3 Kxd5 43. Kd2 Ke4 44. Kc3 d5 45. Kd2 d4 46. Kc2
Ke3 0-1

[Event "2021 FIDE Online Olympiad"]
[Site "Chess.com"]
[Date "2021.08.29"]
[Round "8.4"]
[White "Samson, Peace"]
[Black "Saraci, Rinesa"]
[Result "1-0"]
[WhiteElo "1828"]
[BlackElo "1184"]
[PlyCount "71"]
[EventDate "2021.08.27"]
[EventType "team"]
[EventRounds "9"]
[SourceVersionDate "2018.05.14"]
[WhiteTeam "Nigeria"]
[BlackTeam "Kosovo"]
[WhiteTeamCountry "NGR"]
[BlackTeamCountry "KOS"]

1. e4 e5 2. Nf3 Nc6 3. Bc4 d6 4. d3 h6 5. h3 Nf6 6. a3 Be7 7. Be3 O-O 8. Nc3
Be6 9. Nd5 a6 10. O-O Re8 11. Ba2 Bxd5 12. exd5 Na7 13. Nh2 Qd7 14. c3 c6 15.
dxc6 Nxc6 16. f4 Rad8 17. fxe5 dxe5 18. Bb6 Rc8 19. Ng4 Qd6 20. Qf3 Rf8 21.
Rad1 Rb8 22. Ne3 Nd4 23. Bxd4 exd4 24. Nf5 Qd7 25. Nxd4 Bc5 26. Qf4 Rbd8 27.
Kh1 Bxd4 28. cxd4 Nd5 29. Bxd5 Qxd5 30. Qe4 Rfe8 31. Qf4 Re6 32. Qxf7+ Kh8 33.
Rf5 Qd6 34. Qxb7 Qxd4 35. Rf7 Qxb2 36. Qxb2 1-0

[Event "2021 FIDE Online Olympiad"]
[Site "Chess.com"]
[Date "2021.08.29"]
[Round "8.5"]
[White "Dobraj, Bleron"]
[Black "Okemakinde, Toluwanimi"]
[Result "1/2-1/2"]
[WhiteElo "1879"]
[BlackElo "1975"]
[PlyCount "114"]
[EventDate "2021.08.27"]
[EventType "team"]
[EventRounds "9"]
[SourceVersionDate "2018.05.14"]
[WhiteTeam "Kosovo"]
[BlackTeam "Nigeria"]
[WhiteTeamCountry "KOS"]
[BlackTeamCountry "NGR"]

1. e4 e5 2. Nf3 Nc6 3. d4 exd4 4. Bc4 Nf6 5. O-O d5 6. exd5 Nxd5 7. Nxd4 Be7 8.
Re1 Nb6 9. Nxc6 Qxd1 10. Rxd1 Nxc4 11. Nxe7 Kxe7 12. b3 Nb6 13. Nc3 Bf5 14.
Re1+ Kf6 15. Bb2 Kg6 16. Ne2 f6 17. h3 Rhe8 18. g4 Bd7 19. a4 Kf7 20. a5 Nd5
21. Rad1 Bc6 22. c4 Nb4 23. Nd4 Rxe1+ 24. Rxe1 Nd3 25. Re2 Re8 26. Rxe8 Kxe8
27. Nxc6 bxc6 28. Bd4 a6 29. Kf1 Kd7 30. h4 Ke6 31. Be3 Ne5 32. g5 fxg5 33.
hxg5 Kf5 34. Ke2 Ke4 35. Ba7 Nf3 36. Bb8 Nd4+ 37. Kf1 Nxb3 38. Bxc7 Nd2+ 39.
Kg2 Nxc4 40. Kg3 Kf5 41. f4 Ne3 42. Kf3 Nd5 43. Be5 h6 44. Bxg7 hxg5 45. fxg5
Kxg5 46. Ke4 Kg6 47. Be5 Kf7 48. Kd4 Ke6 49. Bb8 Kd7 50. Kc5 Kc8 51. Kxc6 Ne7+
52. Kb6 Kxb8 53. Kxa6 Kc7 54. Kb5 Nc6 55. a6 Na7+ 56. Kc5 Nc8 57. a7 Nxa7
1/2-1/2

[Event "2021 FIDE Online Olympiad"]
[Site "Chess.com"]
[Date "2021.08.29"]
[Round "8.6"]
[White "Pelomoh, Jessica"]
[Black "Recica, Jona"]
[Result "1-0"]
[WhiteElo "1737"]
[BlackElo "1000"]
[PlyCount "121"]
[EventDate "2021.08.27"]
[EventType "team"]
[EventRounds "9"]
[SourceVersionDate "2018.05.14"]
[WhiteTeam "Nigeria"]
[BlackTeam "Kosovo"]
[WhiteTeamCountry "NGR"]
[BlackTeamCountry "KOS"]

1. d4 d5 2. Nf3 Nc6 3. Bf4 Nf6 4. e3 a6 5. h3 Bf5 6. a3 e6 7. c4 Bd6 8. Ne5 O-O
9. Nc3 Nh5 10. Qxh5 f6 11. Nxc6 bxc6 12. Bxd6 Qxd6 13. cxd5 cxd5 14. Qd1 Rab8
15. b4 Rb6 16. Bd3 Bxd3 17. Qxd3 Rd8 18. O-O e5 19. dxe5 Qxe5 20. Rfd1 Rc6 21.
Rac1 Rc4 22. Qxc4 dxc4 23. Rxd8+ Kf7 24. Ne2 Qb2 25. Kf1 Qxa3 26. Rxc4 Qa1+ 27.
Rc1 Qa4 28. Rxc7+ Ke6 29. Rd4 Qa1+ 30. Rc1 Qa4 31. Nf4+ Ke7 32. Rc7+ Ke8 33.
Rxg7 Qa1+ 34. Ke2 Qa2+ 35. Kf3 Qc2 36. Rgd7 Qc6+ 37. Kg3 f5 38. Rd8+ Ke7 39.
R4d7+ Qxd7 40. Rxd7+ Kxd7 41. Nd5 Kc6 42. Ne7+ Kb5 43. Nxf5 Kxb4 44. e4 a5 45.
e5 a4 46. Nd4 Kc3 47. Nb5+ Kc4 48. Na3+ Kb3 49. e6 Kxa3 50. e7 Kb4 51. e8=Q a3
52. Qe7+ Kb3 53. Qxh7 a2 54. Qb7+ Kc2 55. Qa6 Kb1 56. h4 Ka1 57. h5 Kb1 58. h6
Ka1 59. h7 Kb1 60. h8=Q Kc1 61. Qxa2 1-0

[Event "2021 FIDE Online Olympiad"]
[Site "Chess.com"]
[Date "2021.08.29"]
[Round "8.1"]
[White "Silva, David"]
[Black "Blackburn, Jonathan L B"]
[Result "1-0"]
[WhiteElo "2321"]
[BlackElo "2195"]
[PlyCount "147"]
[EventDate "2021.08.27"]
[EventType "team"]
[EventRounds "9"]
[SourceVersionDate "2018.05.14"]
[WhiteTeam "Angola"]
[BlackTeam "Wales"]
[WhiteTeamCountry "ANG"]
[BlackTeamCountry "WLS"]

1. e4 e6 2. d4 d5 3. Nd2 Nc6 4. Ngf3 Nf6 5. e5 Nd7 6. Bd3 f6 7. exf6 Qxf6 8.
Nb3 Bd6 9. Bg5 Qf7 10. Be3 Qh5 11. c4 dxc4 12. Bxc4 Nb6 13. Be2 Qg6 14. O-O h6
15. Ne5 Qf6 16. Bh5+ Kf8 17. Ng6+ Kg8 18. Nxh8 Kxh8 19. Qf3 Qxf3 20. Bxf3 Nb4
21. Bd2 N4d5 22. Rac1 Na4 23. Rc2 c6 24. Re1 Bd7 25. Na5 Rb8 26. Nc4 Nb4 27.
Rcc1 Bf8 28. Ne5 Be8 29. b3 Nb6 30. a4 N6d5 31. Bg4 Nc7 32. Rc4 Nbd5 33. Bf3 g6
34. Nd3 Kg7 35. Nc5 Kf6 36. Bg4 Bxc5 37. dxc5 h5 38. Bf3 Rd8 39. h4 Kg7 40. Bg5
Rd7 41. Rd1 Bf7 42. Bc1 Kg8 43. Be4 e5 44. Bxd5 Bxd5 45. Bb2 Re7 46. Rc3 Ne6
47. b4 Nf4 48. Re3 Nxg2 49. Rxd5 Nxe3 50. Rd8+ Kf7 51. fxe3 a6 52. e4 Ke6 53.
Kg2 Kf7 54. Kg3 Ke6 55. Rd6+ Kf7 56. Bc3 Kg7 57. Bd2 Kf7 58. Bg5 Rc7 59. Rf6+
Kg7 60. Re6 Kf7 61. Rxe5 Rd7 62. Kf4 Rc7 63. Re7+ Rxe7 64. Bxe7 Kxe7 65. Kg5
Kf7 66. e5 Ke6 67. Kxg6 Kxe5 68. Kxh5 Kf5 69. Kh6 Kf6 70. h5 Kf7 71. Kg5 Kg7
72. Kf5 Kh6 73. Ke6 Kxh5 74. Kd7 1-0

[Event "2021 FIDE Online Olympiad"]
[Site "Chess.com"]
[Date "2021.08.29"]
[Round "8.2"]
[White "Toczek, Grzegorz"]
[Black "Dias, Vanderson"]
[Result "1/2-1/2"]
[WhiteElo "2240"]
[BlackElo "2178"]
[PlyCount "142"]
[EventDate "2021.08.27"]
[EventType "team"]
[EventRounds "9"]
[SourceVersionDate "2018.05.14"]
[WhiteTeam "Wales"]
[BlackTeam "Angola"]
[WhiteTeamCountry "WLS"]
[BlackTeamCountry "ANG"]

1. e4 c6 2. d4 d5 3. Nd2 dxe4 4. Nxe4 Nf6 5. Nxf6+ exf6 6. c3 Bf5 7. Bd3 Bxd3
8. Qxd3 Bd6 9. Ne2 O-O 10. O-O Qc7 11. Qh3 Re8 12. Be3 Nd7 13. Ng3 Bxg3 14.
Qxg3 Qxg3 15. hxg3 Nb6 16. b3 Nd5 17. Bd2 Re2 18. Rad1 Rae8 19. Rfe1 Rxe1+ 20.
Rxe1 Rxe1+ 21. Bxe1 f5 22. Kf1 f6 23. Ke2 Kf7 24. Kd3 Nc7 25. Kc4 Ke6 26. a4 g5
27. Bd2 h5 28. Kd3 Ne8 29. c4 Nd6 30. f3 Nc8 31. Bb4 Nb6 32. Bc5 Nc8 33. a5 b6
34. Bb4 bxa5 35. Bxa5 Ne7 36. Bd2 Ng6 37. Be3 h4 38. Bf2 hxg3 39. Bxg3 a6 40.
Kc3 f4 41. Bf2 Ne7 42. Kb4 Nf5 43. Kc5 Kd7 44. Kb6 Ne3 45. g4 f5 46. gxf5 g4
47. fxg4 Nxg4 48. Bh4 f3 49. Kxa6 f2 50. Bxf2 Nxf2 51. b4 Ne4 52. b5 cxb5 53.
cxb5 Nd6 54. b6 Kc8 55. f6 Kb8 56. b7 Ne8 57. f7 Nc7+ 58. Kb6 Ne6 59. d5 Nf8
60. Kc6 Ng6 61. Kb6 Nf8 62. d6 Nd7+ 63. Ka6 Nf8 64. Kb6 Nd7+ 65. Kc6 Ne5+ 66.
Kd5 Nxf7 67. d7 Kxb7 68. Ke6 Nd8+ 69. Ke7 Nc6+ 70. Ke8 Kc7 71. d8=Q+ Nxd8
1/2-1/2

[Event "2021 FIDE Online Olympiad"]
[Site "Chess.com"]
[Date "2021.08.29"]
[Round "8.3"]
[White "Caxita, Esperanca"]
[Black "Smith, Olivia"]
[Result "0-1"]
[WhiteElo "1837"]
[BlackElo "1957"]
[PlyCount "88"]
[EventDate "2021.08.27"]
[EventType "team"]
[EventRounds "9"]
[SourceVersionDate "2018.05.14"]
[WhiteTeam "Angola"]
[BlackTeam "Wales"]
[WhiteTeamCountry "ANG"]
[BlackTeamCountry "WLS"]

1. e4 e5 2. Nf3 Nf6 3. Nc3 Bb4 4. d3 d5 5. exd5 Nxd5 6. Bd2 Nc6 7. Nxd5 Bxd2+
8. Qxd2 Qxd5 9. Be2 O-O 10. O-O h6 11. a3 b6 12. c4 Qd6 13. Qc3 Bb7 14. b4 Rad8
15. Rad1 Nd4 16. Nxd4 Qxd4 17. Qxd4 Rxd4 18. Rfe1 Rfd8 19. f3 f5 20. Kf2 Kf7
21. Rc1 Kf6 22. Bf1 g5 23. Be2 h5 24. h3 h4 25. Rcd1 Bc8 26. Rc1 Rf4 27. c5 b5
28. Ke3 Rfd4 29. Kf2 c6 30. Ra1 a6 31. Rad1 f4 32. Rb1 Bf5 33. Rbd1 Bxd3 34.
Bxd3 Rxd3 35. Rxd3 Rxd3 36. Ra1 Rb3 37. Ra2 Ke6 38. Ke2 Kf5 39. Kf2 e4 40.
fxe4+ Kxe4 41. Ke2 f3+ 42. Kf2 Kf4 43. Ra1 Rb2+ 44. Kg1 Rxg2+ 0-1

[Event "2021 FIDE Online Olympiad"]
[Site "Chess.com"]
[Date "2021.08.29"]
[Round "8.4"]
[White "Chong, Kimberly"]
[Black "Pires, Luzia"]
[Result "1-0"]
[WhiteElo "1790"]
[BlackElo "1655"]
[PlyCount "103"]
[EventDate "2021.08.27"]
[EventType "team"]
[EventRounds "9"]
[SourceVersionDate "2018.05.14"]
[WhiteTeam "Wales"]
[BlackTeam "Angola"]
[WhiteTeamCountry "WLS"]
[BlackTeamCountry "ANG"]

1. e4 c5 2. c3 g6 3. d4 cxd4 4. cxd4 Bg7 5. Nf3 d6 6. Nc3 Nf6 7. Bb5+ Bd7 8.
Bxd7+ Nfxd7 9. Qb3 Qc8 10. Bf4 O-O 11. Rc1 Nc6 12. Nd5 Qd8 13. O-O Nxd4 14.
Nxd4 Bxd4 15. Bh6 Bg7 16. Bxg7 Kxg7 17. Qxb7 e6 18. Nf4 Kg8 19. b4 Rc8 20. Qxa7
Ra8 21. Qb7 Rxa2 22. Rc7 Ne5 23. Nxe6 Qb8 24. Nxf8 Qxb7 25. Rxb7 Kxf8 26. b5
Rb2 27. b6 Kg7 28. Rb8 Nc4 29. b7 Na5 30. Rd1 Nxb7 31. f3 Rb3 32. Kf2 Nc5 33.
Rxb3 Nxb3 34. Rxd6 Nc5 35. Rd5 Ne6 36. Ke3 Kf6 37. f4 h6 38. g4 Ke7 39. f5 gxf5
40. exf5 Ng5 41. h4 Nh7 42. Kf4 Kf6 43. Rd6+ Kg7 44. g5 hxg5+ 45. hxg5 Nf8 46.
Rd8 Nh7 47. f6+ Kg6 48. Rg8+ Kh5 49. Rh8 Kg6 50. Rg8+ Kh5 51. Kf5 Kh4 52. Rh8
1-0

[Event "2021 FIDE Online Olympiad"]
[Site "Chess.com"]
[Date "2021.08.29"]
[Round "8.5"]
[White "Prospero, Alexandre"]
[Black "Fowler, Hugo"]
[Result "0-1"]
[WhiteElo "1560"]
[BlackElo "1686"]
[PlyCount "52"]
[EventDate "2021.08.27"]
[EventType "team"]
[EventRounds "9"]
[SourceVersionDate "2018.05.14"]
[WhiteTeam "Angola"]
[BlackTeam "Wales"]
[WhiteTeamCountry "ANG"]
[BlackTeamCountry "WLS"]

1. e4 e5 2. Nf3 Nc6 3. Bb5 a6 4. Ba4 Nf6 5. O-O b5 6. Bb3 Bc5 7. c3 d6 8. d4
Bb6 9. Bg5 h6 10. Bh4 O-O 11. dxe5 Nxe5 12. Nbd2 Bg4 13. h3 Bh5 14. a4 g5 15.
Bg3 Qe7 16. Qe2 Nxf3+ 17. gxf3 Rab8 18. Kh2 Nd7 19. axb5 axb5 20. Rg1 Ne5 21.
Rae1 Qf6 22. Bxe5 dxe5 23. Rg3 Rfd8 24. Nf1 Qf4 25. Ne3 c6 26. Ng2 Qd2 0-1

[Event "2021 FIDE Online Olympiad"]
[Site "Chess.com"]
[Date "2021.08.29"]
[Round "8.6"]
[White "Ray, Hiya"]
[Black "Paulo, Jemima"]
[Result "0-1"]
[WhiteElo "1542"]
[BlackElo "1754"]
[PlyCount "134"]
[EventDate "2021.08.27"]
[EventType "team"]
[EventRounds "9"]
[SourceVersionDate "2018.05.14"]
[WhiteTeam "Wales"]
[BlackTeam "Angola"]
[WhiteTeamCountry "WLS"]
[BlackTeamCountry "ANG"]

1. d4 Nf6 2. c4 g6 3. Nc3 Bg7 4. e4 d6 5. Nf3 O-O 6. Be2 e5 7. d5 h6 8. h3 a5
9. Be3 Na6 10. a3 Nc5 11. Bxc5 dxc5 12. Nxe5 Nxe4 13. Nxe4 Bxe5 14. Qd2 Kh7 15.
Nxc5 Qe7 16. Nd3 Bg7 17. O-O f5 18. Rfe1 Qh4 19. Nc5 b6 20. Ne6 Bxe6 21. dxe6
Rad8 22. Qc2 Rfe8 23. Bf3 Rd6 24. Qb3 Rdxe6 25. Rxe6 Rxe6 26. c5 Qe7 27. g3
bxc5 28. Bd5 Rb6 29. Bg8+ Kh8 30. Qd5 Rxb2 31. Bf7 Rb6 32. Rc1 Rd6 33. Qb3 Bd4
34. Qb8+ Rd8 35. Qb3 Kg7 36. Bc4 Qe4 37. Rd1 f4 38. g4 f3 39. Bd3 Qf4 40. Qe6
Rd6 41. Qe7+ Qf7 42. Qe4 c4 43. Bc2 Qf6 44. Qb7 Bb6 45. Rxd6 Qxd6 46. Qxf3 Qd2
47. Be4 Qe1+ 48. Kg2 c3 49. Bd5 Qe7 50. Qxc3+ Qf6 51. Qxf6+ Kxf6 52. Kf3 Ke5
53. Bc6 g5 54. Ke2 Bc5 55. a4 Kf4 56. Bb7 Bd4 57. Bc6 Ke5 58. Kf3 Kd6 59. Bb5
Kc5 60. Bd7 Kb4 61. Ke2 c5 62. f3 c4 63. Kd1 Kc3 64. Bb5 Kb3 65. Kd2 c3+ 66.
Kc1 Be3+ 67. Kb1 c2+ 0-1

[Event "2021 FIDE Online Olympiad"]
[Site "Chess.com"]
[Date "2021.08.29"]
[Round "8.1"]
[White "Jankunas, Tomas"]
[Black "Oatlhotse, Providence"]
[Result "0-1"]
[WhiteElo "2037"]
[BlackElo "2182"]
[PlyCount "182"]
[EventDate "2021.08.27"]
[EventType "team"]
[EventRounds "9"]
[SourceVersionDate "2018.05.14"]
[WhiteTeam "ICCD"]
[BlackTeam "Botswana"]
[BlackTeamCountry "BOT"]

1. e4 g6 2. d4 Bg7 3. Nf3 a6 4. Bc4 e6 5. a4 d5 6. Bd3 dxe4 7. Bxe4 Nf6 8. Bd3
O-O 9. O-O Nbd7 10. c3 c5 11. Be3 cxd4 12. Bxd4 Qc7 13. Re1 b6 14. Nbd2 Bb7 15.
Ne4 Rfd8 16. Qe2 Nxe4 17. Bxe4 Bxe4 18. Qxe4 Nc5 19. Qe3 Bxd4 20. Nxd4 Rd5 21.
b4 Nb7 22. Nxe6 fxe6 23. Qxe6+ Qf7 24. Qxb6 Rd6 25. Qe3 Rf6 26. Rad1 Rf8 27.
Re2 Nd6 28. Qc5 Qc4 29. Qxc4+ Nxc4 30. Rd7 R8f7 31. Rd8+ Rf8 32. Rd7 Nb6 33.
Ra7 Nxa4 34. c4 R8f7 35. Ra8+ Kg7 36. f3 Rb7 37. b5 axb5 38. cxb5 Nc3 39. Rc2
Nxb5 40. Rd8 Nd6 41. Re2 Rc7 42. Kf2 Ra7 43. Rb8 Rd7 44. Rb4 Nf5 45. Reb2 Rfd6
46. Rb7 h6 47. Rxd7+ Rxd7 48. g3 Kf6 49. h3 Rd3 50. Rb6+ Kf7 51. Rb7+ Ke6 52.
Rb6+ Rd6 53. Rb2 Rc6 54. Rd2 Rc3 55. Kg2 Ke5 56. Ra2 Nd4 57. Ra5+ Kf6 58. Ra6+
Rc6 59. Ra4 Rc2+ 60. Kf1 Ke5 61. Ra6 Rc6 62. Ra5+ Kd6 63. Ra3 Kd5 64. Kf2 Rc2+
65. Ke3 Re2+ 66. Kd3 Rb2 67. Ra5+ Rb5 68. Ra6 Rb3+ 69. Kd2 Nxf3+ 70. Kc2 Nd4+
71. Kd2 Rxg3 72. h4 Ke4 73. h5 gxh5 74. Rxh6 Nf3+ 75. Ke2 h4 76. Rh8 Rg2+ 77.
Kf1 Rg3 78. Kf2 Kf4 79. Ra8 Ng5 80. Rh8 Ne4+ 81. Ke2 Rg2+ 82. Kf1 Rg4 83. Rf8+
Kg3 84. Kg1 Kh3+ 85. Kh1 Ng3+ 86. Kg1 Rf4 87. Rxf4 Ne2+ 88. Kh1 Nxf4 89. Kg1
Kg3 90. Kh1 h3 91. Kg1 Nd3 0-1

[Event "2021 FIDE Online Olympiad"]
[Site "Chess.com"]
[Date "2021.08.29"]
[Round "8.2"]
[White "Olebile, Thato"]
[Black "Mate, Balazs"]
[Result "1-0"]
[WhiteElo "2130"]
[BlackElo "2110"]
[PlyCount "111"]
[EventDate "2021.08.27"]
[EventType "team"]
[EventRounds "9"]
[SourceVersionDate "2018.05.14"]
[WhiteTeam "Botswana"]
[BlackTeam "ICCD"]
[WhiteTeamCountry "BOT"]

1. d4 d5 2. c4 e6 3. Nc3 Nf6 4. Nf3 c6 5. Bg5 Nbd7 6. e3 Qa5 7. Nd2 Bb4 8. Qc2
O-O 9. Be2 Bxc3 10. bxc3 dxc4 11. Bxf6 Nxf6 12. Nxc4 Qg5 13. O-O Rd8 14. Rab1
Rb8 15. Ne5 Bd7 16. Bf3 Be8 17. Rb2 Nd7 18. Nd3 Nb6 19. c4 Rd7 20. Rfb1 Rc7 21.
h3 Nd7 22. Qc3 b6 23. c5 b5 24. Nb4 Rbc8 25. Na6 Rb7 26. a4 Nb8 27. Qa5 Nxa6
28. Qxa6 Rbc7 29. axb5 cxb5 30. Bb7 Rd8 31. c6 Qd5 32. Rxb5 Qd6 33. Rc5 f6 34.
Qc4 Bf7 35. Qc3 Bg6 36. Ra1 f5 37. f4 Be8 38. Rxa7 Qe7 39. Ra8 Rxa8 40. Bxa8 g5
41. Bb7 gxf4 42. exf4 Qh4 43. Qe3 Qe7 44. Qe5 Bf7 45. Rc2 Qd8 46. Rc3 Qe7 47.
Kh2 Bg6 48. d5 exd5 49. Qxe7 Rxe7 50. c7 d4 51. c8=Q+ Re8 52. Bd5+ Kh8 53. Qc6
Kg7 54. Rb3 Re2 55. Rb7+ Kh6 56. Qf6 1-0

[Event "2021 FIDE Online Olympiad"]
[Site "Chess.com"]
[Date "2021.08.29"]
[Round "8.3"]
[White "von Erichsen, Annegret"]
[Black "Besa, Masaiti"]
[Result "0-1"]
[WhiteElo "1998"]
[BlackElo "1774"]
[PlyCount "88"]
[EventDate "2021.08.27"]
[EventType "team"]
[EventRounds "9"]
[SourceVersionDate "2018.05.14"]
[WhiteTeam "ICCD"]
[BlackTeam "Botswana"]
[BlackTeamCountry "BOT"]

1. Nc3 c5 2. e4 g6 3. f4 Bg7 4. Nf3 Nc6 5. Bc4 Nf6 6. d3 d6 7. O-O O-O 8. Qe1
a6 9. a4 e6 10. f5 d5 11. Bb3 d4 12. Ne2 exf5 13. Qh4 Nh5 14. Bg5 Bf6 15. Nf4
Bxg5 16. Nxg5 h6 17. Nxg6 Qxg5 18. Qxg5 hxg5 19. Nxf8 Kxf8 20. exf5 Ne5 21.
Rae1 f6 22. h3 Ke7 23. Bd5 Rb8 24. Be4 Bd7 25. b3 Rh8 26. Kf2 Nf4 27. Rh1 b6
28. g3 Nxh3+ 29. Kg2 g4 30. Rh2 Kd6 31. Reh1 Nf7 32. Kf1 Nfg5 33. Kg2 Re8 34.
Re1 Bxf5 35. Rhh1 Bxe4+ 36. dxe4 Nxe4 37. Rhf1 Ke5 38. Re2 f5 39. Rfe1 Nhg5 40.
Rh1 Nh3 41. Rhe1 Kd5 42. Rh1 f4 43. Ree1 f3+ 44. Kf1 Nd2# 0-1